Machine Learning for Computer and Cyber Security: Principle, Algorithms, and Practices / (Record no. 594451)

000 -LEADER
fixed length control field 00401nam a22001457a 4500
020 ## - INTERNATIONAL STANDARD BOOK NUMBER
Qualifying information PB.
040 ## - CATALOGING SOURCE
Transcribing agency Fizza Ishaq
082 ## - DEWEY DECIMAL CLASSIFICATION NUMBER
Classification number 006.31
Author Mark BRI
100 ## - MAIN ENTRY--PERSONAL NAME
Personal name Gupta, B. Brij.
9 (RLIN) 111532
245 ## - TITLE STATEMENT
Title Machine Learning for Computer and Cyber Security: Principle, Algorithms, and Practices /
Statement of responsibility, etc. Brij B. Gupta.
250 ## - EDITION STATEMENT
Edition statement 1st ed.
260 ## - PUBLICATION, DISTRIBUTION, ETC.
Name of publisher, distributor, etc. CRC Press,
Date of publication, distribution, etc. 2019.
300 ## - PHYSICAL DESCRIPTION
Extent 352 p. ;
942 ## - ADDED ENTRY ELEMENTS (KOHA)
Source of classification or shelving scheme
Koha item type Book
Holdings
Withdrawn status Lost status Source of classification or shelving scheme Damaged status Not for loan Permanent Location Current Location Date acquired Total Checkouts Full call number Barcode Date last seen Price effective from Koha item type
          NUST Baluchistan Campus (NBC) NUST Baluchistan Campus (NBC) 04/10/2023   006.31 BRI Q-6296 04/10/2023 04/10/2023 Book
© 2023 Central Library, National University of Sciences and Technology. All Rights Reserved.